ბათუმის შოთა რუსთაველის სახელმწიფო უნივერსიტეტის ბიბლიოთეკა

International political science review. volume 34, number 5, november 2013 (ბიბ.ჩანაწერი № 42786)

000 -LEADER
fixed length control field 00472nam a2200169Ia 4500
001 - CONTROL NUMBER
control field 9492
003 - CONTROL NUMBER IDENTIFIER
control field GE_BSU
008 - FIXED-LENGTH DATA ELEMENTS--GENERAL INFORMATION
fixed length control field 181216s||||||||xx |||||||||||||| ||und||
040 ## - CATALOGING SOURCE
Transcribing agency GE_BSU
245 ## - TITLE STATEMENT
Title International political science review. volume 34, number 5, november 2013
245 ## - TITLE STATEMENT
Statement of responsibility, etc. Genaral Editors Marian Sawer and Mark Kesselman
260 ## - PUBLICATION, DISTRIBUTION, ETC.
Place of publication, distribution, etc. New Jersey
260 ## - PUBLICATION, DISTRIBUTION, ETC.
Date of publication, distribution, etc. 2013
300 ## - PHYSICAL DESCRIPTION
Extent 604 p.25cm.
653 ## - INDEX TERM--UNCONTROLLED
Uncontrolled term international political science review
942 ## - ADDED ENTRY ELEMENTS (KOHA)
Koha item type პერიოდიკა
ეგზემპლარები
Withdrawn status Lost status Damaged status Not for loan Date acquired Barcode Date last seen Price effective from Koha item type
        2018-12-17 P76192 2018-12-17 2018-12-17 პერიოდიკა